000 01448cam a2200301 a 4500
001 732380
005 20220326193310.0
008 980406s1997 fr a bc l000 0 fre
010 _a 98135688
020 _a2902308175
035 _a(CStRLIN)DCHA98-B259
040 _aDLC
_cDLC
_dDLC
082 _a730
_bA555s
100 1 _aAndre, Carl,
_d1935-
_91998
245 1 0 _aSculptor 1997, Carl Andre, Marseille :
_bMusée Cantini, exposition du 4 juillet au 21 septembre 1997.
_cCorinne Diserens, Veronique Legrand
246 3 0 _aCarl Andre
260 _a[Marseille] :
_bMusées de Marseille,
_c[1997]
300 _a103 p. :
_bill. ;
_c27 cm.
500 _aPublication also accompanies the exhibition "Poetry Carl Andre" held at the Centre de la Vieille Charité, Marseille, Sept. 13-Nov. 16, 1997.
504 _aIncludes bibliographical references (p. 100-103).
505 _tAvant-propos
_rVeronica Diserens
_rVeronique
_tCatalogue
_tTextes a percus sur le sens dans lóeuvre de carl Andre
_rMarianne Brouwer
_tDenys Zacharopoulos
_rQue le premier pas soit la premiere lettre
_tAnexes
600 1 0 _aAndre, Carl,
_d1935-
_vExhibitions.
_91999
650 _aExhibiciones
_92000
710 2 _aMusée Cantini.
_92001
710 2 _aCentre de la Vieille Charité.
_92002
906 _a7
_bcbc
_corignew
_d3
_encip
_f19
_gy-gencatlg
999 _c416
_d416